| 000 | 00834nam a2200229 a 4500 | ||
|---|---|---|---|
| 003 | 0 | ||
| 005 | 20250226090626.0 | ||
| 008 | 100827s19uu xx 00 eng d | ||
| 050 |
_aPGS BF 724.3.S36 _b.Q3 2010 |
||
| 100 | _aQuebec, Mary Kim S. | ||
| 245 |
_aLabelling and emotional and psychological behavior of teens / _cMary Kim S. Quebec. |
||
| 260 |
_aLas PiƱas City, Philippines : _bSouthville International School and Colleges, _c2010. |
||
| 300 |
_a29 pages : _billustrations ; _c28 cm. |
||
| 504 | _aIncludes bibliographical references. | ||
| 650 | _aLabeling (Psychology). | ||
| 650 | _aSocial stigma in adolescence. | ||
| 650 |
_aTeenagers _vPsychology. |
||
| 650 | _aIdentity (Psychology) in adolescence. | ||
| 650 | _aSelf-perception in teenagers. | ||
| 650 | _aEmotions in adolescence. | ||
| 942 |
_2lcc _cPASS |
||
| 999 |
_c98350 _d98350 |
||